|
|
|
|
| LEADER |
00000nam0a2200000 4500 |
| 001 |
35710 |
| 005 |
20231101210324.0 |
| 010 |
|
|
|a 5211001052
|
| 035 |
|
|
|a (RuTPU)RU\TPU\book\36149
|
| 035 |
|
|
|a BOOK00002801
|
| 090 |
|
|
|a 35710
|
| 100 |
|
|
|a 20011210d1988 m y0rusy50 ca
|
| 101 |
0 |
|
|a rus
|
| 102 |
|
|
|a RU
|
| 105 |
|
|
|a y j 000zy
|
| 200 |
1 |
|
|a Статистическая обработка результатов экспериментов
|e учебное пособие
|f А. Н. Тихонов, М. В. Уфимцев
|
| 210 |
|
|
|a Москва
|c Изд-во МГУ
|d 1988
|
| 215 |
|
|
|a 174 с.
|
| 606 |
1 |
|
|a Эксперимент
|x Планирование
|x Математические методы
|2 stltpush
|3 (RuTPU)RU\TPU\subj\26780
|9 50633
|
| 610 |
1 |
|
|a эксперименты
|
| 610 |
1 |
|
|a статистические методы
|
| 610 |
1 |
|
|a обработка
|
| 610 |
1 |
|
|a факторный анализ
|
| 610 |
1 |
|
|a применение
|
| 610 |
1 |
|
|a учебные пособия
|
| 610 |
1 |
|
|a библиотека А. Г. Стромберга
|
| 610 |
1 |
|
|a результаты
|
| 675 |
|
|
|a 519.242(075.8)
|v 3
|
| 700 |
|
1 |
|a Тихонов
|b А. Н.
|g Андрей Николаевич
|
| 701 |
|
1 |
|a Уфимцев
|b М. В.
|g Михаил Валентинович
|
| 801 |
|
0 |
|a RU
|b 63413507
|c 20011210
|g PSBO
|
| 801 |
|
2 |
|a RU
|b 63413507
|c 20190905
|g PSBO
|
| 900 |
|
|
|a Статистическая обработка экспериментальных данных
|
| 942 |
|
|
|c BK
|